Sistema Estadístico de Dominio NIC.NI (SECOD_NIC.NI)
El presente trabajo monográfico titulado “Sistema Estadístico de Dominio NIC.NI (SECOD_NIC.NI), tiene como finalidad realizar un sistema web, para las estadísticas de los dominios, administrado por la dirección NIC.NI, que contendrá los elementos necesarios para facilitar el proceso de análisi...
| Main Author: | |
|---|---|
| Other Authors: | |
| Format: | Tesis Section = Libro |
| Language: | Undetermined Spanish |
| Published: |
Managua
UNI
2021
|
| Subjects: |
| LEADER | 01079nam a2200253Ia 4500 | ||
|---|---|---|---|
| 008 | 240830s9999 xx 000 0 und d | ||
| 040 | |a BIBLIOTECA-RUSB/ Mon 005.1 O77 | ||
| 041 | |a spa | ||
| 082 | |a Mon 005.1 O77 | ||
| 100 | 1 | |a Ortiz Lucey, Roger Ulises | |
| 245 | 1 | 0 | |a Sistema Estadístico de Dominio NIC.NI (SECOD_NIC.NI) |
| 260 | |a Managua |b UNI |c 2021 | ||
| 300 | |a 116 p. :il. | ||
| 500 | |a Incluye anexos y CD. | ||
| 502 | |a Tesis (Ingeniero en Computación) - UNI, 1996. | ||
| 520 | 3 | |a El presente trabajo monográfico titulado “Sistema Estadístico de Dominio NIC.NI (SECOD_NIC.NI), tiene como finalidad realizar un sistema web, para las estadísticas de los dominios, administrado por la dirección NIC.NI, que contendrá los elementos necesarios para facilitar el proceso de análisis de registro de dominios. | |
| 650 | 7 | |a SISTEMA ESTADISTICO | |
| 650 | 7 | |b BASES DE DATOS | |
| 650 | 7 | |c SISTEMAS INFORMATICOS | |
| 650 | 7 | |d AUTOMATIZACION DE PROCESOS | |
| 700 | 1 | |a Tutor: |b Prado Delgadillo, Jorge Jesús | |
| 942 | |c BK |2 ddc | ||
| 991 | |a TESIS | ||
| 999 | |c 22202 | ||